| 000 | 00475nam a2200181Ia 4500 | ||
|---|---|---|---|
| 001 | 5216 | ||
| 005 | 20260306145852.0 | ||
| 008 | 260306t1992||||xx |||||||||||||| ||spa|| | ||
| 041 | _aESP | ||
| 082 |
_a338.19 _bL17 |
||
| 100 |
_aLajo Lazo, Manuel _eAUT |
||
| 245 | 0 |
_aEl pan nuestro: _b¿cómo interpretar y resolver el problema alimentario del Perú? |
|
| 260 | _c1992 | ||
| 300 |
_a395 páginas : _c23 cm. |
||
| 650 | _aGEN | ||
| 654 | _aCAN | ||
| 942 |
_cLIB _dJUS _fJUS _2ddc _n |
||
| 999 |
_c5216 _d5216 |
||